000
00250nam a22001097a 4500
999
_c
4335
_d
4335
008
250206b ||||| |||| 00| 0 eng d
020
_a
9780333720011
082
_a
823.914
100
_a
DONALDSON,JULIA
_e
AUTHOR
245
_a
MONKEY PUZZLE
942
_2
ddc